Statistics for Emma Stone Movies

Click here to take the quiz!

General Stats

  • This quiz has been taken 43 times
  • The average score is 7 of 16

Answer Stats

Year ReleasedCostarsMovie% Correct
2016Ryan Gosling, John LegendLa La Land
94%
2012Andrew Garfield, Martin SheenThe Amazing Spider-Man
86%
2009Jesse Eisenberg, Woody HarrelsonZombieland
74%
2011Julianne Moore, Kevin BaconCrazy, Stupid, Love
71%
2010Patricia Clarkson, Thomas Haden ChurchEasy A
71%
2014Michael Keaton, Edward NortonBirdman
60%
2021Emma Thompson, Mark StrongCruella
57%
2007Jonah Hill, Seth RogenSuperbad
49%
2013Ryan Gosling, Josh BrolinGangster Squad
37%
2015Bradley Cooper, Bill MurrayAloha
31%
2019Jesse Eisenberg, Rosario DawsonZombieland: Double Tap
29%
2013Ryan Reynolds, Nicolas CageThe Croods
23%
2022Mark Ruffalo, Willem DafoePoor Things
20%
2014Colin Firth, Jacki WeaverMagic in the Moonlight
11%
2010Owen Wilson, Judy GreerMarmaduke
11%
2011Mila Kunis, Woody HarrelsonNo Strings Attatched
0%

Score Distribution

Percentile by Number Answered

Percent of People with Each Score

Your Score History

You have not taken this quiz